[Event "238th Championchallenge"]
[Site "playchess.com"]
[Date "2008.02.16"]
[Round "3.3"]
[White "Galkin, Alexander"]
[Black "Plaskett, Jim"]
[Result "1/2-1/2"]
[WhiteElo "2583"]
[BlackElo "2500"]
[PlyCount "101"]
[EventDate "2008.02.16"]
[EventType "k.o. (blitz)"]
[EventCountry "GER"]

1. Nf3 b6 2. e4 Bb7 3. Nc3 e6 4. a3 c5 5. d4 cxd4 6. Nxd4 Nc6 7. Be3 Nf6 8. Bd3
Qc7 9. O-O Nxd4 10. Bxd4 Bc5 11. Nb5 Qc6 12. Be5 Nxe4 13. Qg4 Nf6 14. Qxg7 Bf8
15. Nc7+ Qxc7 16. Qxf6 Qc6 17. f3 Rg8 18. Be4 Qc8 19. Bxb7 Qxb7 20. Rad1 Qc6
21. Rd2 Rg6 22. Qh4 Bh6 23. Re2 Rc8 24. Bc3 Qc5+ 25. Kh1 Qg5 26. Qe4 d5 27.
Qa4+ Kf8 28. Qxa7 Qd8 29. Qa4 Kg8 30. Qd4 Bg7 31. Qd3 Bxc3 32. bxc3 Qc7 33. Rb1
Qxc3 34. Qxc3 Rxc3 35. Rxb6 Rxa3 36. h3 Kg7 37. Rb7 Rc3 38. Kh2 h5 39. Rb4 Rf6
40. Kg1 Kg6 41. Kf2 Rf5 42. Rb8 Kf6 43. Re8 Rf4 44. Rh8 h4 45. Rh6+ Kg7 46. Rh5
Rfc4 47. Kf1 Kg6 48. Rh8 Kg7 49. Rh5 Kg6 50. Rh8 Kg7 51. Rh5 1/2-1/2

[Event "238th Championchallenge"]
[Site "playchess.com"]
[Date "2008.02.16"]
[Round "3.4"]
[White "Plaskett, Jim"]
[Black "Galkin, Alexander"]
[Result "1/2-1/2"]
[WhiteElo "2500"]
[BlackElo "2583"]
[PlyCount "118"]
[EventDate "2008.02.16"]
[EventType "k.o. (blitz)"]
[EventCountry "GER"]

1. e4 c6 2. d4 d5 3. exd5 cxd5 4. Bd3 Nf6 5. c3 Nc6 6. Bf4 Bg4 7. Qb3 Qc8 8.
Nd2 e6 9. Ngf3 Be7 10. O-O Bh5 11. Rfe1 O-O 12. Ne5 Nxe5 13. Bxe5 Bg6 14. Bxg6
hxg6 15. Re3 Ng4 16. Re2 Nxe5 17. Rxe5 b5 18. Rae1 Rb8 19. a3 a5 20. Nf3 b4 21.
axb4 axb4 22. Qc2 Qc7 23. h4 Bf6 24. R5e3 bxc3 25. bxc3 Rfc8 26. Qe2 Rb3 27.
Rc1 Qb6 28. g3 Rb2 29. Qe1 Qa6 30. Kg2 Rb3 31. Nd2 Ra3 32. Nf3 Kf8 33. g4 Qa5
34. h5 g5 35. Qd2 Qc7 36. Ne5 Bxe5 37. Rxe5 Rxc3 38. Rxc3 Qxc3 39. Qxg5 Qxd4
40. h6 gxh6 41. Qxh6+ Ke7 42. Qg5+ Kd6 43. Re3 Rh8 44. Rf3 Qe4 45. Kg3 f5 46.
gxf5 Rf8 47. f6 Qe5+ 48. Kg4 Qe4+ 49. Qf4+ Qxf4+ 50. Rxf4 e5 51. Rf5 Ke6 52. f7
Rxf7 53. Rxf7 Kxf7 54. Kf5 d4 55. Ke4 Ke6 56. f3 Kf6 57. f4 d3 58. fxe5+ Ke6
59. Kxd3 Kxe5 1/2-1/2

[Event "238th Championchallenge"]
[Site "playchess.com"]
[Date "2008.02.16"]
[Round "4.1"]
[White "Andreikin, Dmitry"]
[Black "Milanovic, Slavisa"]
[Result "0-1"]
[WhiteElo "2550"]
[BlackElo "2677"]
[PlyCount "62"]
[EventDate "2008.02.16"]
[EventType "k.o. (blitz)"]
[EventCountry "GER"]

1. e4 e6 2. d4 d5 3. Nc3 Bb4 4. Qd3 dxe4 5. Qxe4 Nf6 6. Qh4 Nd5 7. Qg3 O-O 8.
a3 Bd6 9. Qd3 Nxc3 10. Qxc3 e5 11. dxe5 Bxe5 12. Qxe5 Re8 13. Qxe8+ Qxe8+ 14.
Be3 Bf5 15. O-O-O Nc6 16. Nf3 Qe6 17. Bb5 Qa2 18. Bd3 Bxd3 19. cxd3 b5 20. Nd4
Nxd4 21. Bxd4 c5 22. Bxc5 a5 23. d4 b4 24. Rhe1 Rc8 25. axb4 axb4 26. Re3 b3
27. Rdd3 Qa1+ 28. Kd2 Qxb2+ 29. Ke1 Qc1+ 30. Rd1 b2 31. Rb3 Re8+ 0-1

[Event "238th Championchallenge"]
[Site "playchess.com"]
[Date "2008.02.16"]
[Round "4.2"]
[White "Milanovic, Slavisa"]
[Black "Andreikin, Dmitry"]
[Result "0-1"]
[WhiteElo "2364"]
[BlackElo "2603"]
[PlyCount "130"]
[EventDate "2008.02.16"]
[EventType "k.o. (blitz)"]
[EventCountry "GER"]

1. c4 Nf6 2. Nc3 c5 3. Nf3 Nc6 4. d4 cxd4 5. Nxd4 e6 6. g3 Qb6 7. Nb3 Ne5 8. e4
Bb4 9. Qe2 d6 10. Bd2 O-O 11. O-O-O Bd7 12. f4 Nc6 13. Kb1 a5 14. Be3 Qa6 15.
Nb5 a4 16. Nd2 a3 17. b3 Rac8 18. Bg2 Rfd8 19. g4 Be8 20. g5 Nd7 21. h4 Nc5 22.
h5 d5 23. exd5 exd5 24. Bxd5 Rxd5 25. cxd5 Ne7 26. Nd4 Nxd5 27. Qxa6 bxa6 28.
Nc4 Nc3+ 29. Kc2 Nxd1 30. Rxd1 a5 31. Nf5 Bc6 32. Ne7+ Kf8 33. Nxc8 Be4+ 34.
Kc1 Nd3+ 35. Rxd3 Bxd3 36. N8b6 Be4 37. Nd7+ Ke7 38. Nde5 f6 39. Ng4 Bf3 40.
gxf6+ gxf6 41. Nh6 Ke6 42. f5+ Kd5 43. Ng8 Bc3 44. Bd2 Bd4 45. Bxa5 Bxh5 46.
Bd8 Kc6 47. Nxf6 Be2 48. Be7 Bd3 49. Bxa3 Bxf6 50. Bb2 Bg5+ 51. Kd1 Bxf5 52.
Ne5+ Kd5 53. Nf3 Bg4 54. Ke2 Ke4 55. Kf2 Be3+ 56. Kg3 Bxf3 57. b4 h5 58. Kh4
Bf2+ 59. Kg5 h4 60. Bc1 h3 61. Bf4 Be3 62. Bxe3 Kxe3 63. b5 h2 64. b6 h1=Q 65.
b7 Bxb7 0-1

[Event "238th Championchallenge"]
[Site "playchess.com"]
[Date "2008.02.16"]
[Round "4.3"]
[White "Andreikin, Dmitry"]
[Black "Milanovic, Slavisa"]
[Result "1-0"]
[WhiteElo "2550"]
[BlackElo "2705"]
[PlyCount "31"]
[EventDate "2008.02.16"]
[EventType "k.o. (blitz)"]
[EventCountry "GER"]

1. d4 e6 2. c4 Nf6 3. Nc3 Bb4 4. Qc2 O-O 5. a3 Bxc3+ 6. Qxc3 b6 7. Bg5 Ba6 8.
Qf3 c6 9. e4 h6 10. h4 hxg5 11. hxg5 Re8 12. e5 Nh7 13. Rxh7 Qxg5 14. Bd3 d5
15. Nh3 Qe7 16. Qh5 1-0

[Event "237th Championchallenge"]
[Site "playchess.com "]
[Date "2008.02.09"]
[Round "1.1"]
[White "Shaposhnikov, Evgeny"]
[Black "Debevec, Blaz"]
[Result "1-0"]
[WhiteElo "2546"]
[BlackElo "2031"]
[PlyCount "85"]
[EventDate "2008.02.09"]
[EventType "k.o. (blitz)"]
[EventCountry "GER"]

1. e4 c5 2. Nf3 d6 3. Bc4 e6 4. Qe2 a6 5. c3 b5 6. Bb3 Bb7 7. d4 c4 8. Bc2 Nd7
9. a4 e5 10. b4 Ngf6 11. d5 Be7 12. a5 g6 13. h3 h5 14. Bg5 Qc7 15. Nbd2 O-O-O
16. Nf1 Ng8 17. Be3 Kb8 18. O-O-O f6 19. Kb2 Nh6 20. Nh4 g5 21. Ng6 Rh7 22.
Nxe7 Rxe7 23. Qxh5 Rh7 24. Qe2 Nf7 25. Ng3 Rdh8 26. Nf5 Nh6 27. Qf3 Bc8 28. g3
Nxf5 29. exf5 Rxh3 30. Rxh3 Rxh3 31. Rh1 Rxh1 32. Qxh1 Nf8 33. Qh8 Qf7 34. Bb6
Nd7 35. Bd8 Qxd5 36. Bxf6 g4 37. Be7 Qf7 38. f6 d5 39. Bf5 Kb7 40. Qd8 d4 41.
Be4+ Kb8 42. Bd6+ Ka7 43. Qc7+ 1-0

[Event "237th Championchallenge"]
[Site "playchess.com "]
[Date "2008.02.09"]
[Round "1.1"]
[White "Kanakaris, Georgios"]
[Black "Nestorovic, Nikola"]
[Result "1-0"]
[WhiteElo "2378"]
[BlackElo "2400"]
[PlyCount "105"]
[EventDate "2008.02.09"]
[EventType "k.o. (blitz)"]
[EventCountry "GER"]

1. d4 Nf6 2. c4 c5 3. d5 b5 4. cxb5 a6 5. Nc3 g6 6. e4 d6 7. Nf3 Bg7 8. Be2 O-O
9. b6 Qxb6 10. O-O Nbd7 11. Nd2 Ne8 12. Nc4 Qc7 13. f4 Nb6 14. Be3 Nxc4 15.
Bxc4 Qb8 16. Qe2 Nc7 17. Rad1 Bd7 18. e5 Nb5 19. Ne4 Bf5 20. Ng3 Bc8 21. a4 Nd4
22. Bxd4 cxd4 23. Rfe1 Bd7 24. b3 Qb6 25. Qd3 e6 26. Qxd4 Qxd4+ 27. Rxd4 dxe5
28. fxe5 exd5 29. Rxd5 Be6 30. Rc5 Bxc4 31. Rxc4 Rab8 32. b4 Rfe8 33. Rce4 Bf8
34. Rb1 Re6 35. b5 axb5 36. axb5 Bg7 37. Kf2 Bxe5 38. Ke2 Rbb6 39. Nf1 f6 40.
Nd2 Bxh2 41. Rxe6 Rxe6+ 42. Kf3 Bc7 43. Ne4 Kg7 44. Nc5 Re5 45. Nd3 Rf5+ 46.
Ke2 Bb6 47. Rc1 Rxb5 48. Nf4 Rb2+ 49. Kf3 g5 50. Nd5 Bd4 51. Rc7+ Kg6 52. Ne7+
Kh5 53. g4+ 1-0

[Event "237th Championchallenge"]
[Site "playchess.com "]
[Date "2008.02.09"]
[Round "1.1"]
[White "Durarbeyli, Vasif"]
[Black "Reimanis, Ritvars"]
[Result "1-0"]
[WhiteElo "2450"]
[BlackElo "2372"]
[PlyCount "45"]
[EventDate "2008.02.09"]
[EventType "k.o. (blitz)"]
[EventCountry "GER"]

1. d4 d5 2. Nc3 f5 3. g3 c6 4. Bg2 e6 5. Nf3 Nd7 6. O-O Bd6 7. Bf4 Qe7 8. e3
Ngf6 9. Ne2 O-O 10. Bxd6 Qxd6 11. Nf4 e5 12. dxe5 Nxe5 13. Nxe5 Qxe5 14. Qd4
Re8 15. Rfe1 b6 16. Nd3 Qe7 17. c4 Bb7 18. cxd5 Nxd5 19. Bxd5+ cxd5 20. Rac1
Rad8 21. Rc3 Qe4 22. Rc7 Ba6 23. Qxg7# 1-0

[Event "237th Championchallenge"]
[Site "playchess.com "]
[Date "2008.02.09"]
[Round "1.1"]
[White "Amin, Bassem"]
[Black "Basel, Matthias"]
[Result "1-0"]
[WhiteElo "2550"]
[BlackElo "2190"]
[PlyCount "63"]
[EventDate "2008.02.09"]
[EventType "k.o. (blitz)"]
[EventCountry "GER"]

1. e4 g6 2. Nf3 Bg7 3. d3 d6 4. g3 c5 5. Bg2 Nc6 6. O-O a6 7. c3 Qc7 8. Re1 Rb8
9. h3 e5 10. a3 Nge7 11. Be3 O-O 12. d4 Na5 13. Nbd2 c4 14. Qe2 b5 15. Rad1 h6
16. Nh2 Be6 17. f4 Qc8 18. g4 f5 19. fxe5 dxe5 20. exf5 gxf5 21. dxe5 Nac6 22.
Bc5 f4 23. Ne4 Bxe5 24. Nf2 Re8 25. Bxe7 Rxe7 26. Bxc6 Qxc6 27. Qxe5 Rbe8 28.
Qxf4 Bc8 29. Rxe7 Rxe7 30. Rd8+ Re8 31. Rd6 Qc7 32. Rg6+ 1-0

[Event "237th Championchallenge"]
[Site "playchess.com "]
[Date "2008.02.09"]
[Round "1.1"]
[White "Cao Sang"]
[Black "Langers, Alexander"]
[Result "1-0"]
[WhiteElo "2550"]
[BlackElo "2451"]
[PlyCount "63"]
[EventDate "2008.02.09"]
[EventType "k.o. (blitz)"]
[EventCountry "GER"]

1. e4 c5 2. Nf3 e6 3. Nc3 a6 4. g3 Nc6 5. Bg2 Nf6 6. O-O d6 7. d3 Be7 8. h3 Qc7
9. g4 b5 10. Bf4 Bb7 11. Re1 e5 12. Be3 Nd4 13. Nh2 Ne6 14. Qd2 b4 15. Nd5 Bxd5
16. exd5 Nd8 17. f4 exf4 18. Bxf4 O-O 19. Nf1 Nb7 20. Ng3 Rfe8 21. g5 Nd7 22.
h4 a5 23. h5 c4 24. d4 c3 25. bxc3 bxc3 26. Qd3 Bf8 27. Be4 g6 28. hxg6 fxg6
29. Bxg6 Rxe1+ 30. Rxe1 hxg6 31. Qxg6+ Bg7 32. Re7 1-0

[Event "237th Championchallenge"]
[Site "playchess.com "]
[Date "2008.02.09"]
[Round "1.1"]
[White "Drozdovskij, Yuri"]
[Black "Zlatilov, Ivailo"]
[Result "1-0"]
[WhiteElo "2625"]
[BlackElo "2142"]
[PlyCount "51"]
[EventDate "2008.02.09"]
[EventType "k.o. (blitz)"]
[EventCountry "GER"]

1. d4 Nf6 2. c4 e6 3. Nc3 d5 4. Nf3 Be7 5. e3 O-O 6. Bd3 b6 7. O-O Bb7 8. b3
Nbd7 9. Bb2 c5 10. Qe2 Rc8 11. Rad1 Qc7 12. Ne5 Rfd8 13. f4 dxc4 14. bxc4 Nf8
15. f5 exf5 16. Bxf5 Ra8 17. Nb5 Qb8 18. Ng4 Ng6 19. d5 Nxg4 20. Qxg4 a6 21.
Bxg6 hxg6 22. d6 Bf8 23. Nc7 Bxd6 24. Nxa8 Bxa8 25. h3 Be5 26. Bxe5 1-0

[Event "237th Championchallenge"]
[Site "playchess.com "]
[Date "2008.02.09"]
[Round "1.1"]
[White "Popovic, Dusan"]
[Black "Branding, Volker"]
[Result "1-0"]
[WhiteElo "2564"]
[BlackElo "2207"]
[PlyCount "67"]
[EventDate "2008.02.09"]
[EventType "k.o. (blitz)"]
[EventCountry "GER"]

1. e4 g6 2. d4 Bg7 3. Nc3 d6 4. f4 Nf6 5. Nf3 O-O 6. e5 dxe5 7. dxe5 Qxd1+ 8.
Kxd1 Rd8+ 9. Ke1 Nd5 10. Nxd5 Rxd5 11. Bc4 Rd8 12. Ng5 e6 13. Be3 b6 14. Kf2
Bb7 15. Rhd1 Nc6 16. c3 Ne7 17. g4 Nd5 18. h4 a5 19. a4 Bc6 20. Nf3 Nxe3 21.
Kxe3 Rxd1 22. Rxd1 Bxa4 23. Rd2 Bf8 24. f5 exf5 25. gxf5 Bc5+ 26. Kf4 Bc6 27.
Ng5 Be8 28. f6 b5 29. Bd5 Rd8 30. Bxf7+ Bxf7 31. Rxd8+ Bf8 32. e6 h6 33. exf7+
Kh8 34. Rxf8# 1-0

[Event "237th Championchallenge"]
[Site "playchess.com "]
[Date "2008.02.09"]
[Round "1.1"]
[White "Galkin, Alexander"]
[Black "Volkov, Yuri"]
[Result "1-0"]
[WhiteElo "2583"]
[BlackElo "2129"]
[PlyCount "73"]
[EventDate "2008.02.09"]
[EventType "k.o. (blitz)"]
[EventCountry "GER"]

1. e4 c5 2. Ne2 e6 3. d4 cxd4 4. Nxd4 Nc6 5. Nc3 a6 6. Be2 Qc7 7. O-O Nf6 8.
Be3 d6 9. f4 Bd7 10. a4 Be7 11. Nb3 b6 12. Bf3 O-O 13. g4 Rfd8 14. g5 Ne8 15.
Bg2 Rac8 16. Rf3 Na5 17. Rh3 g6 18. Qe1 h5 19. gxh6 Kh7 20. Rd1 Nc4 21. Bc1 Bf6
22. Kh1 Bc6 23. Nd4 Bb7 24. Nf3 d5 25. e5 Be7 26. Ne2 d4 27. Nexd4 Bc5 28. c3
Bxd4 29. cxd4 Bxf3 30. Rxf3 Qd7 31. h4 b5 32. axb5 Qxb5 33. Qf2 Nc7 34. f5 exf5
35. Rxf5 gxf5 36. Qxf5+ Kh8 37. Qf6+ 1-0

[Event "237th Championchallenge"]
[Site "playchess.com "]
[Date "2008.02.09"]
[Round "1.1"]
[White "Kokarev, Dmitry"]
[Black "Umansky, Mikhail"]
[Result "1-0"]
[WhiteElo "2622"]
[BlackElo "2182"]
[PlyCount "75"]
[EventDate "2008.02.09"]
[EventType "k.o. (blitz)"]
[EventCountry "GER"]

1. e4 g6 2. d4 Bg7 3. Nc3 d6 4. Nge2 Nd7 5. Be3 Ngf6 6. f3 c5 7. Qd2 cxd4 8.
Nxd4 O-O 9. O-O-O Ne5 10. g4 Qa5 11. Kb1 Bd7 12. Nd5 Qd8 13. h4 Nxd5 14. exd5
Rc8 15. Bh6 Rc5 16. Bxg7 Kxg7 17. h5 Qa5 18. c3 Rh8 19. Nb3 Qb6 20. Nxc5 Qxc5
21. h6+ Kf8 22. Be2 f6 23. g5 f5 24. f4 Nf7 25. Qd4 b6 26. Bf3 Ke8 27. Rhe1 Kd8
28. Qg7 Be8 29. Re2 Qc4 30. Qd4 Qxd4 31. Rxd4 Bd7 32. Rd1 Re8 33. Rde1 Bb5 34.
Re3 Kd7 35. Be2 Bxe2 36. R1xe2 Nd8 37. a4 Nb7 38. b4 1-0

[Event "237th Championchallenge"]
[Site "playchess.com "]
[Date "2008.02.09"]
[Round "1.2"]
[White "Reimanis, Ritvars"]
[Black "Durarbeyli, Vasif"]
[Result "1/2-1/2"]
[WhiteElo "2369"]
[BlackElo "2450"]
[PlyCount "24"]
[EventDate "2008.02.09"]
[EventType "k.o. (blitz)"]
[EventCountry "GER"]

1. d4 Nf6 2. e3 e6 3. f4 b6 4. Nf3 Bb7 5. c3 d6 6. Nbd2 Nbd7 7. Bc4 Ne4 8. O-O
Ndf6 9. Qe2 Be7 10. Bb5+ c6 11. Bd3 c5 12. Bb5+ Kf8 1/2-1/2

[Event "237th Championchallenge"]
[Site "playchess.com "]
[Date "2008.02.09"]
[Round "1.2"]
[White "Zlatilov, Ivailo"]
[Black "Drozdovskij, Yuri"]
[Result "0-1"]
[WhiteElo "2142"]
[BlackElo "2625"]
[PlyCount "46"]
[EventDate "2008.02.09"]
[EventType "k.o. (blitz)"]
[EventCountry "GER"]

1. d4 Nf6 2. Nf3 g6 3. c4 Bg7 4. Nc3 O-O 5. e4 d6 6. Be2 e5 7. O-O Nc6 8. Be3
Ng4 9. Bg5 f6 10. Bh4 Nh6 11. d5 Ne7 12. Nd2 g5 13. Bg3 f5 14. exf5 Nhxf5 15.
Nde4 Ng6 16. Rc1 Nf4 17. Bg4 h6 18. Bxf5 Bxf5 19. c5 a6 20. cxd6 cxd6 21. Qb3
Bxe4 22. Bxf4 Rxf4 23. g3 Rf3 0-1

[Event "237th Championchallenge"]
[Site "playchess.com "]
[Date "2008.02.09"]
[Round "1.2"]
[White "Debevec, Blaz"]
[Black "Shaposhnikov, Evgeny"]
[Result "0-1"]
[WhiteElo "2031"]
[BlackElo "2546"]
[PlyCount "76"]
[EventDate "2008.02.09"]
[EventType "k.o. (blitz)"]
[EventCountry "GER"]

1. e4 c5 2. Nf3 e6 3. d4 cxd4 4. Nxd4 a6 5. Bd3 Qc7 6. O-O Nf6 7. Nc3 b5 8. a3
Bb7 9. Qe2 Nc6 10. Be3 h5 11. Rad1 Ng4 12. g3 Nxe3 13. Qxe3 h4 14. Bxb5 hxg3
15. hxg3 Nxd4 16. Qxd4 axb5 17. Nxb5 Qc6 18. Nc3 Ra5 19. Rfe1 Rah5 20. Qa7 Rh1+
21. Kg2 R1h2+ 22. Kg1 Bc5 23. Qb8+ Ke7 24. Qf4 Bxf2+ 25. Qxf2 Rh1+ 26. Kg2
R8h2+ 27. Kf3 Rxf2+ 28. Kxf2 Rxe1 29. Rxe1 Qb6+ 30. Ke2 Qxb2 31. Kd2 Qxa3 32.
Re3 Qd6+ 33. Rd3 Qb4 34. Ke3 Qc5+ 35. Kd2 f6 36. Ne2 Bxe4 37. Re3 Qg5 38. Ke1
Qxe3 0-1

[Event "237th Championchallenge"]
[Site "playchess.com "]
[Date "2008.02.09"]
[Round "1.2"]
[White "Langers, Alexander"]
[Black "Cao Sang"]
[Result "1-0"]
[WhiteElo "2224"]
[BlackElo "2500"]
[PlyCount "35"]
[EventDate "2008.02.09"]
[EventType "k.o. (blitz)"]
[EventCountry "GER"]

1. e4 e6 2. d4 d5 3. Nc3 Bb4 4. a3 Bxc3+ 5. bxc3 Nf6 6. e5 Nfd7 7. Qg4 Kf8 8.
h4 c5 9. Rh3 cxd4 10. Rg3 Rg8 11. cxd4 Nc6 12. Bd3 g6 13. Bh6+ Ke8 14. Ne2 f5
15. exf6 Nxf6 16. Qf3 Nh5 17. Qxh5 gxh5 18. Rxg8+ 1-0

[Event "237th Championchallenge"]
[Site "playchess.com "]
[Date "2008.02.09"]
[Round "1.2"]
[White "Basel, Matthias"]
[Black "Amin, Bassem"]
[Result "0-1"]
[WhiteElo "2190"]
[BlackElo "2560"]
[PlyCount "78"]
[EventDate "2008.02.09"]
[EventType "k.o. (blitz)"]
[EventCountry "GER"]

1. d4 f5 2. Nf3 Nf6 3. c4 e6 4. Nc3 Be7 5. b3 O-O 6. Bb2 d6 7. g3 Qe8 8. Bg2
Ne4 9. Nd2 Nxc3 10. Bxc3 Bf6 11. e4 e5 12. dxe5 dxe5 13. exf5 Bxf5 14. Bxb7 Nc6
15. Bxa8 Qxa8 16. O-O Bg5 17. Qe2 Bh3 18. Ne4 Nd4 19. Bxd4 exd4 20. f3 Be3+ 21.
Kh1 Bxf1 22. Rxf1 a5 23. Kg2 Qa7 24. Qc2 c5 25. Rb1 Qe7 26. a3 h5 27. b4 axb4
28. axb4 cxb4 29. c5 Kh8 30. Rxb4 Qf7 31. Qe2 Qd5 32. Rb1 Bh6 33. Rd1 Ra8 34.
Nd2 Ra2 35. Qe8+ Kh7 36. c6 Bxd2 37. Kh3 Qf5+ 38. Kh4 Bg5+ 39. Kxh5 Bf6# 0-1

[Event "237th Championchallenge"]
[Site "playchess.com "]
[Date "2008.02.09"]
[Round "1.2"]
[White "Volkov, Yuri"]
[Black "Galkin, Alexander"]
[Result "1/2-1/2"]
[WhiteElo "2129"]
[BlackElo "2583"]
[PlyCount "51"]
[EventDate "2008.02.09"]
[EventType "k.o. (blitz)"]
[EventCountry "GER"]

1. d4 d5 2. Nf3 c6 3. Bf4 Bg4 4. Nbd2 Nd7 5. e3 Ngf6 6. h3 Bh5 7. Bd3 e6 8. c3
Be7 9. O-O Bg6 10. Bxg6 hxg6 11. Ne5 O-O 12. Bg5 Nxe5 13. dxe5 Nd7 14. Bxe7
Qxe7 15. f4 c5 16. Nf3 Rad8 17. Qe1 Nb8 18. Qg3 Nc6 19. Ng5 f6 20. exf6 gxf6
21. Nxe6 Qxe6 22. Qxg6+ Kh8 23. Qh6+ Kg8 24. Qg6+ Kh8 25. Qh6+ Kg8 26. Qg6+
1/2-1/2

[Event "237th Championchallenge"]
[Site "playchess.com "]
[Date "2008.02.09"]
[Round "1.2"]
[White "Umansky, Mikhail"]
[Black "Kokarev, Dmitry"]
[Result "0-1"]
[WhiteElo "2182"]
[BlackElo "2622"]
[PlyCount "94"]
[EventDate "2008.02.09"]
[EventType "k.o. (blitz)"]
[EventCountry "GER"]

1. d4 Nf6 2. c4 g6 3. g3 Bg7 4. Bg2 O-O 5. Nc3 d6 6. Nf3 Nc6 7. O-O a6 8. d5
Na5 9. Nd2 c5 10. Qc2 Rb8 11. b3 b5 12. Bb2 e6 13. e4 bxc4 14. bxc4 exd5 15.
cxd5 Re8 16. Nd1 Bd7 17. Bc3 Bb5 18. Re1 Nxd5 19. Bxg7 Kxg7 20. a4 Bd7 21. Bf1
Nb4 22. Qc3+ Qf6 23. Qxf6+ Kxf6 24. Ne3 Be6 25. f4 Kg7 26. Rab1 Nac6 27. f5 Ba2
28. Rb2 f6 29. Bxa6 Nxa6 30. Rxa2 Nab4 31. Raa1 Nd4 32. Rab1 Ra8 33. Nec4 Ra6
34. a5 gxf5 35. exf5 Rxe1+ 36. Rxe1 d5 37. Nb6 Rxa5 38. Nd7 Kf7 39. Rb1 Ndc6
40. Nb3 Ra2 41. Nbxc5 d4 42. Rd1 Nd5 43. Ne6 Ne3 44. Rd3 Nxf5 45. Ndc5 h5 46.
Rb3 Ra7 47. Rb7+ Rxb7 0-1

[Event "237th Championchallenge"]
[Site "playchess.com "]
[Date "2008.02.09"]
[Round "1.2"]
[White "Branding, Volker"]
[Black "Popovic, Dusan"]
[Result "0-1"]
[WhiteElo "2206"]
[BlackElo "2564"]
[PlyCount "76"]
[EventDate "2008.02.09"]
[EventType "k.o. (blitz)"]
[EventCountry "GER"]

1. e4 c5 2. Nc3 d6 3. f4 g6 4. Nf3 Bg7 5. Bc4 Nc6 6. O-O e6 7. d3 Nge7 8. Qe1
O-O 9. Qh4 d5 10. Bb3 Nd4 11. f5 exf5 12. Bg5 f6 13. Nxd5 Nxd5 14. Bxd5+ Be6
15. Bxe6+ Nxe6 16. Be3 f4 17. Bd2 Qb6 18. Bc3 c4+ 19. Kh1 cxd3 20. cxd3 Rad8
21. Rad1 Nc5 22. Ne1 Nxe4 23. Qxf4 Nxc3 24. bxc3 f5 25. d4 Qa6 26. Rf2 Rfe8 27.
Nf3 Qd6 28. Qh4 Re4 29. Qh3 Rde8 30. Ng5 Re1+ 31. Rf1 Rxf1+ 32. Rxf1 h6 33. Nf3
Re3 34. c4 Qa6 35. Qh4 Qxc4 36. Qd8+ Kh7 37. Qh4 Qxf1+ 38. Ng1 Re1 0-1

[Event "237th Championchallenge"]
[Site "playchess.com "]
[Date "2008.02.09"]
[Round "1.2"]
[White "Nestorovic, Nikola"]
[Black "Kanakaris, Georgios"]
[Result "0-1"]
[WhiteElo "2400"]
[BlackElo "2378"]
[PlyCount "106"]
[EventDate "2008.02.09"]
[EventType "k.o. (blitz)"]
[EventCountry "GER"]

1. e4 e6 2. d4 d5 3. Nc3 Bb4 4. e5 c5 5. a3 Bxc3+ 6. bxc3 Ne7 7. Nf3 Nbc6 8. a4
Qa5 9. Bd2 Bd7 10. c4 Qc7 11. cxd5 exd5 12. c3 O-O 13. Bd3 Bf5 14. Be2 Ng6 15.
O-O c4 16. h3 f6 17. exf6 Rxf6 18. Bg5 Rf7 19. Nh4 Nxh4 20. Bxh4 Re8 21. Bf3
Be4 22. Bh5 g6 23. Bg4 h5 24. Be2 Ne7 25. Qd2 Nf5 26. Bg5 Ng7 27. Rfe1 Ref8 28.
f3 Bf5 29. Bf4 Qd7 30. Be5 Qd8 31. Bf1 Kh7 32. Qf2 h4 33. Re3 Nh5 34. Rae1 Qg5
35. Bd6 Rg8 36. Re7 Rgg7 37. Rxf7 Rxf7 38. Re8 Bxh3 39. Be5 Ng7 40. f4 Nxe8 41.
fxg5 Rxf2 42. Kxf2 Bd7 43. a5 b6 44. axb6 axb6 45. Be2 b5 46. Ke3 Ng7 47. Bxg7
Kxg7 48. Kf4 Bf5 49. Ke5 Be4 50. Bf1 Kf7 51. Kf4 Ke6 52. Kg4 b4 53. Kf4 b3 0-1

[Event "237th Championchallenge"]
[Site "playchess.com "]
[Date "2008.02.09"]
[Round "1.3"]
[White "Galkin, Alexander"]
[Black "Volkov, Yuri"]
[Result "1-0"]
[WhiteElo "2583"]
[BlackElo "2146"]
[PlyCount "93"]
[EventDate "2008.02.09"]
[EventType "k.o. (blitz)"]
[EventCountry "GER"]

1. e4 e5 2. Nf3 Nf6 3. Nxe5 Qe7 4. d4 d6 5. Nf3 Qxe4+ 6. Be2 Bf5 7. c3 Qc2 8.
O-O Qxd1 9. Bxd1 c6 10. Re1+ Kd8 11. Bg5 Be7 12. Nbd2 h6 13. Bh4 g5 14. Bg3 Nd5
15. Bb3 h5 16. h4 gxh4 17. Nxh4 Be6 18. Nc4 Bxh4 19. Bxh4+ Kc7 20. Bg3 Rd8 21.
Re4 Nf6 22. Rf4 Nd5 23. Rh4 b5 24. Ne3 Nxe3 25. fxe3 Bg4 26. Bxf7 Rh8 27. Rf1
Nd7 28. Bb3 Raf8 29. Bf4 Nf6 30. Bd1 Kd7 31. Bg5 Bxd1 32. Bxf6 Be2 33. Rf2 Rh6
34. Bg5 Rxf2 35. Kxf2 Rg6 36. Kxe2 Rxg5 37. Kf3 d5 38. Rf4 Ke6 39. g3 Rf5 40.
e4 Rxf4+ 41. Kxf4 dxe4 42. Kxe4 a5 43. b3 Kf6 44. c4 bxc4 45. bxc4 Kg5 46. d5
cxd5+ 47. Kxd5 1-0

[Event "237th Championchallenge"]
[Site "playchess.com "]
[Date "2008.02.09"]
[Round "1.3"]
[White "Cao Sang"]
[Black "Langers, Alexander"]
[Result "1-0"]
[WhiteElo "2550"]
[BlackElo "2473"]
[PlyCount "127"]
[EventDate "2008.02.09"]
[EventType "k.o. (blitz)"]
[EventCountry "GER"]

1. e4 c5 2. Nf3 e6 3. Nc3 a6 4. g3 Nc6 5. Bg2 Nf6 6. O-O d5 7. exd5 exd5 8. d4
cxd4 9. Nxd4 Be7 10. Nde2 O-O 11. Nxd5 Nxd5 12. Qxd5 Qxd5 13. Bxd5 Nb4 14. Bb3
Bf5 15. Nd4 Bg6 16. a3 Bf6 17. Be3 Bxd4 18. Bxd4 Nxc2 19. Bc3 Nxa1 20. Rxa1
Rfe8 21. Bd5 Be4 22. Bxe4 Rxe4 23. Rd1 Rae8 24. Kg2 h6 25. h4 b5 26. Rd6 R4e6
27. Rd7 Ra8 28. Ba5 Re2 29. Bc3 a5 30. Rb7 b4 31. axb4 axb4 32. Rxb4 Rc8 33.
Rg4 g6 34. h5 Kh7 35. Rf4 f5 36. hxg6+ Kxg6 37. Rb4 Rc6 38. Kf3 Rc2 39. Bd4
R2c4 40. Rxc4 Rxc4 41. Bc3 Kf7 42. Be5 Ke6 43. Bc3 h5 44. Bg7 Kd5 45. Bc3 Re4
46. Bg7 Kc4 47. Bh8 Kd3 48. Bg7 Kd2 49. Bf8 Ke1 50. b4 Kd2 51. b5 Re8 52. Bh6+
Kd3 53. b6 Re4 54. Bf8 Re8 55. Bc5 Kc4 56. Be3 Kd5 57. Kf4 Rf8 58. Kg5 Ke4 59.
Bf4 Rf7 60. Bc7 Rg7+ 61. Kf6 Rh7 62. b7 Rh8 63. b8=Q Rxb8 64. Bxb8 1-0

[Event "237th Championchallenge"]
[Site "playchess.com "]
[Date "2008.02.09"]
[Round "2.1"]
[White "Amin, Bassem"]
[Black "Cao Sang"]
[Result "1-0"]
[WhiteElo "2550"]
[BlackElo "2500"]
[PlyCount "87"]
[EventDate "2008.02.09"]
[EventType "k.o. (blitz)"]
[EventCountry "GER"]

1. e4 e6 2. d3 d5 3. Nd2 c5 4. Ngf3 Nc6 5. g3 b5 6. Bg2 Nf6 7. O-O b4 8. Re1
Be7 9. Nf1 O-O 10. e5 Nd7 11. h4 a5 12. N1h2 a4 13. a3 bxa3 14. bxa3 Ba6 15.
Bg5 Rc8 16. Qd2 c4 17. d4 c3 18. Qc1 Na5 19. Ng4 Nb3 20. cxb3 axb3 21. Rb1 b2
22. Qc2 Nb6 23. Re3 h6 24. Bxe7 Qxe7 25. Rxc3 Rxc3 26. Qxc3 Na4 27. Qb3 Qd7 28.
Bf1 Bxf1 29. Kxf1 Qc6 30. Kg2 Rc8 31. Rxb2 Nxb2 32. Qxb2 Qc3 33. Qb7 Rc7 34.
Qb8+ Rc8 35. Qd6 Qc6 36. Ne1 Qc1 37. Qd7 Ra8 38. Nf3 Qxa3 39. Ne3 Qd3 40. g4
Qe4 41. Kg3 Ra1 42. Qe8+ Kh7 43. Qxf7 Rh1 44. g5 1-0